เปลี่ยนเป็นภาษาไทย

Change to English
 แสดงรายละเอียดบรรณานุกรม
  กลับหน้าหลัก

Brief Record : Get Marc (ISO 2709) : E-mail record : QR code กลับ
E-books : เกี่ยวกับ Collections
LEADER 00000nam 2200000uu 4500
001    13399128780
003     BCNR
008    191007s2567||||th 000 0 tha d
020    ^a9786164559417
041    ^atha
060  4 ^aWA105^bว574ร 2567
100 0  ^aวิฑูรย์ โล่ห์สุนทร
245 00 ^aระบาดวิทยา =^bEpidemiology /^cวิฑูรย์ โล่ห์สุนทร
246 31 ^aEpidemiology
250    ^aพิมพ์ครั้งที่ 3
260    ^aกรุงเทพฯ :^bสำนักพิมพ์จุฬาลงกรณ์มหาวิทยาลัย,^c2567
300    ^a359 หน้า :^bภาพประกอบ, ตาราง ;^c26 ซม.
504    ^aมีบรรณานุกรมท้ายบทและดัชนีท้ายเล่ม
505 0  ^aบทที่ 1 รากฐานทางระบาดวิทยา -- บทที่ 2 ปัจจัยสามทางระบาดวิทยา -- บทที่ 3 วิธีการทางระบาดวิทยาในการศึกษาและแก้ไขปัญหา -- บทที่ 4 หลักการป้องกันและควบคุมโรค -- บทที่ 5 ดัชนีอนามัย -- บทที่ 6 ระบาดวิทยาเชิงพรรณนา -- บทที่ 7 ระบาดวิทยาเชิงวิเคราะห์ -- บทที่ 8 ระบาดวิทยาเชิงทดลอง -- บทที่ 9 การศึกษาเชิงนิเวศในระบาดวิทยา -- บทที่ 10 ความลำเอียง การรบกวนผล และการปรับเปลี่ยนผล -- บทที่ 11 ระบาดวิทยาภาคสนาม -- บทที่ 12 หลักระบาดวิทยาของโรคติดต่อ -- บทที่ 13 ระบาดวิทยาและการควบคุมวัณโรคดื้อยาหลายขนาน -- บทที่ 14 ระบาดวิทยาและการควบคุมการติดเชื้อในโรงพยาบาล -- บทที่ 15 ระบาดวิทยาของโรคไม่ติดต่อเรื้อรัง -- บทที่ 16 ระบาดวิทยาของโรคเบาหวาน -- บทที่ 17 ระบาดวิทยาของกลุ่มอาการเมตาบอลิค -- บทที่ 18 การตรวจคัดกรองโรค -- บทที่ 19 การเปลี่ยนผ่านทางระบาดวิทยา -- บทที่ 20 ระบาดวิทยาก้าวต่อไปจากระดับพื้นฐาน
650  4 ^aระบาดวิทยา
710 2  ^aจุฬาลงกรณ์มหาวิทยาลัย. ^bคณะแพทยศาสตร์.^bภาควิชาเวชศาสตร์ป้องกันและสังคม
999    ^aบรรณารักษ์
รายการนี้ยังไม่มีแท็ก
คุณยังไม่ได้ล็อกอิน คุณสามารถมีกิจกรรมร่วมกับเว็บไซต์ได้ แต่ต้องล็อกอินก่อน ::
  ล็อกอิน
ลำดับที่ ประเภท เลขเรียก/บาร์โค้ด สถานที่ สถานะ
1. หนังสือ
หนังสือ
WA105 ว574ร 2567 c.1 
  Barcode: 087679
ห้องสมุดสาขาหลัก
►หนังสือทั่วไป
On Shelf
*เพิ่งรับคืน
2. หนังสือ
หนังสือ
WA105 ว574ร 2567 c.2 
  Barcode: 087680
ห้องสมุดสาขาหลัก
►หนังสือทั่วไป
On Shelf
*เพิ่งรับคืน
3. หนังสือ
หนังสือ
WA105 ว574ร 2567 c.3 
  Barcode: 087681
ห้องสมุดสาขาหลัก
►หนังสือทั่วไป
On Shelf
*เพิ่งรับคืน
4. หนังสือ
หนังสือ
WA105 ว574ร 2567 c.4 
  Barcode: 087682
ห้องสมุดสาขาหลัก
►หนังสือทั่วไป
On Shelf
*เพิ่งรับคืน
5. หนังสือ
หนังสือ
WA105 ว574ร 2567 c.5 
  Barcode: 087683
ห้องสมุดสาขาหลัก
►หนังสือทั่วไป
On Shelf
*เพิ่งรับคืน
6. หนังสือ
หนังสือ
WA105 ว574ร 2567 c.6 
  Barcode: 087684
ห้องสมุดสาขาหลัก
►หนังสือทั่วไป
On Shelf
*เพิ่งรับคืน
7. หนังสือ
หนังสือ
WA105 ว574ร 2567 c.7 
  Barcode: 087685
ห้องสมุดสาขาหลัก
►หนังสือทั่วไป
On Shelf
*เพิ่งรับคืน
8. หนังสือ
หนังสือ
WA105 ว574ร 2567 c.8 
  Barcode: 087686
ห้องสมุดสาขาหลัก
►หนังสือทั่วไป
On Shelf
*เพิ่งรับคืน
9. หนังสือ
หนังสือ
WA105 ว574ร 2567 c.9 
  Barcode: 087687
ห้องสมุดสาขาหลัก
►หนังสือทั่วไป
On Shelf
*เพิ่งรับคืน
10. หนังสือ
หนังสือ
WA105 ว574ร 2567 c.10 
  Barcode: 087688
ห้องสมุดสาขาหลัก
►หนังสือทั่วไป
On Shelf
*เพิ่งรับคืน
   [แสดง 10/10 รายการ]

รายการใกล้เคียง
    ผู้แต่ง [วิฑูรย์ โล่ห์สุนทร]

    หัวเรื่อง [ระบาดวิทยา]

BibComment


ยังไม่เคยถูกคอมเมนท์

คอมเมนท์ทรัพยากรรายการนี้
  คอมเมนท์: ระบาดวิทยา Epid..
Bib 13399128780

 
 
 

 Union Library Management : ULibM
Copyright 2026. All Rights Reserved.